AH International Schools' Libraries

Zentangle for kids : the fun and easy way to create magical patterns / (Record no. 50056)

MARC details
000 -LEADER
fixed length control field 00552nam a2200145 4500
020 ## - INTERNATIONAL STANDARD BOOK NUMBER
International Standard Book Number 9781454919025
100 ## - MAIN ENTRY--PERSONAL NAME
Personal name Marbaix, Jane,
Relator term author.
9 (RLIN) 87078
245 10 - TITLE STATEMENT
Title Zentangle for kids : the fun and easy way to create magical patterns /
Statement of responsibility, etc by Jane Marbaix.
260 ## - PUBLICATION, DISTRIBUTION, ETC. (IMPRINT)
Name of publisher, distributor, etc Frances Lincoln Children's Books;
Date of publication, distribution, etc October 1, 2019.
300 ## - PHYSICAL DESCRIPTION
Extent 128 pages :
Other physical details illustrations (some color) ;
Dimensions 28 cm.
650 #0 - SUBJECT ADDED ENTRY--TOPICAL TERM
Topical term or geographic name as entry element Drawing
General subdivision Technique.
650 ## - SUBJECT ADDED ENTRY--TOPICAL TERM
Topical term or geographic name as entry element Drawing
General subdivision Themes, motives.
9 (RLIN) 87079
942 ## - ADDED ENTRY ELEMENTS (KOHA)
Source of classification or shelving scheme
Koha item type Book
Holdings
Withdrawn status Lost status Source of classification or shelving scheme Damaged status Not for loan Home library Current library Date acquired Total Checkouts Full call number Barcode Date last seen Price effective from Koha item type
          Logos International School Logos International School 01/13/2026   J 741.2 MAR 040803 01/14/2026 01/13/2026 Book

For any Logos Library related questions please contact Miss Art at swongnarasuk@asianhope.org.

For any Asian Hope Library related questions please contact Miss Raza at graza@asianhope.org.

Powered by Koha